000 00269nam a22001217a 4500
041 _aENG
100 _aFramji.K.K
245 _aIrrigation and Drainage in The World
260 _aNew Delhi
_bI C I D
_c1969
300 _a1344
650 _aIDE ( 05 )
856 _uIDE ( 05 )
999 _c2785
_d2785